000 00468nam a2200145Ia 4500
003 IN-BaIIA
008 211028s9999 xx 000 0 eng d
040 _cIIA Library
100 _aLt. Ward
_937427
245 0 _aGeographical and statistical memoir of the survey of the Travancore and Cochin States
_bvol. 6
_cLieutenants Ward and Conner
260 _aMadras
_bSuperintendent Government Printing
_c1863
300 _a143p.
700 _aLt. Conner
_937428
942 _cBK
999 _c19574
_d19574